000 00310nam a2200121Ia 4500
005 20251222152652.0
008 251222s9999||||xx |||||||||||||| ||spa||
082 _a232/T19
100 _aTanodi, Aurelio
245 0 _aLa Virgen María nos Habla en Medjugorje
264 _bEscuela hogar de niñas
942 _cLIB
999 _c28504
_d28504